| 000 | 00344 a2200145 4500 | ||
|---|---|---|---|
| 001 | 31953 | ||
| 082 | _a620.106WHI | ||
| 090 |
_c21477 _d21477 |
||
| 100 | _aWhite Frank M | ||
| 245 |
_aFluid Mechanics, 3rd Ed _cFrank M White |
||
| 250 | _a3 | ||
| 260 |
_aN.Y _bMcGraw-Hill _c1994 |
||
| 300 | _axv, 736 p. | ||
| 500 | _aBE textbook Aerospace | ||
| 942 |
_aNUST-CAE _k620.106WHI |
||
| 999 |
_c267026 _d267026 |
||